[Event "Catalunya-chT GpB final"]
[Site "Barcelona"]
[Date "2015.03.21"]
[Round "9.4"]
[White "Maroto Borras, Josep Lluis"]
[Black "Vehi Bach, Victor Manuel"]
[Result "0-1"]
[WhiteElo "2097"]
[BlackElo "2326"]
[PlyCount "70"]
[EventDate "2015.03.14"]
[EventType "team-tourn"]
[EventRounds "11"]
[EventCountry "ESP"]
[SourceTitle "EXT 2016"]
[Source "ChessBase"]
[SourceDate "2015.10.08"]
[SourceVersion "1"]
[SourceVersionDate "2015.10.08"]
[SourceQuality "1"]
[WhiteTeam "Sitges"]
[BlackTeam "Montcada"]
[WhiteTeamCountry "ESP"]
[BlackTeamCountry "ESP"]

1. d4 Nf6 2. Bg5 e6 3. e4 h6 4. Bxf6 Qxf6 5. Nf3 d6 6. Nc3 a6 7. e5 Qd8 8. exd6 cxd6 9. Bd3 d5 10. Ne5 Nc6 11. Nxc6 bxc6 12. Na4 Bd6 13. c3 0-0 14. 0-0 e5 15. dxe5 Bxe5 16. Qh5 Bf6 17. Rfe1 Rb8 18. Re3 g6 19. Rg3 Bg7 20. Bxg6 fxg6 21. Rxg6 Rf6 22. Re1 Bf5 23. Rg3 Qd6 24. Re8+ Rxe8 25. Qxe8+ Rf8 26. Qe3 Bg6 27. Nc5 Re8 28. Qd2 Kh7 29. Nd3 c5 30. h3 Re4 31. Rf3 d4 32. Nf4 Qe5 33. cxd4 Rxd4 34. Nxg6 Rxd2 35. Nxe5 Bxe5 0-1

[Event "Catalunya-chT"]
[Site "Catalunya"]
[Date "2014.04.05"]
[Round "11.4"]
[White "Quintas Galeano, Lluis"]
[Black "Maroto Borras, Josep Lluis"]
[Result "1/2-1/2"]
[WhiteElo "2138"]
[BlackElo "2097"]
[PlyCount "74"]
[EventDate "2014.01.25"]
[EventType "team"]
[EventRounds "11"]
[EventCountry "ESP"]
[SourceTitle "EXT 2015"]
[Source "ChessBase"]
[SourceDate "2014.11.20"]
[SourceVersion "1"]
[SourceVersionDate "2014.11.20"]
[SourceQuality "1"]
[WhiteTeam "Lleida"]
[BlackTeam "Sitges"]
[WhiteTeamCountry "ESP"]
[BlackTeamCountry "ESP"]

1. e4 e6 2. d4 d5 3. Nc3 dxe4 4. Nxe4 Nd7 5. Bd3 Ngf6 6. Qe2 b6 7. Nxf6+ Nxf6 8. Bb5+ Bd7 9. Nf3 Bxb5 10. Qxb5+ Qd7 11. Qe2 c5 12. 0-0 cxd4 13. Rd1 Bd6 14. Rxd4 Qc7 15. Qb5+ Ke7 16. Bg5 Rhd8 17. c3 Qc5 18. Qe2 h6 19. Bxf6+ gxf6 20. Qe4 Rac8 21. Rad1 Bc7 22. g3 a5 23. Rxd8 Rxd8 24. Nd4 Rd5 25. Re1 Be5 26. Nb3 Qc7 27. f4 f5 28. Qf3 a4 29. Rxe5 Rxe5 30. fxe5 axb3 31. axb3 Qxe5 32. Qb7+ Kf6 33. Qxb6 Qe1+ 34. Kg2 Qe4+ 35. Kf1 Qh1+ 36. Ke2 Qg2+ 37. Kd3 Qxh2 1/2-1/2

[Event "Catalunya-chT Honor"]
[Site "Catalunya"]
[Date "2013.03.02"]
[Round "7.6"]
[White "Ramirez Garcia, Jorge Alberto"]
[Black "Maroto Borras, Josep Lluis"]
[Result "1-0"]
[WhiteElo "2284"]
[BlackElo "2132"]
[PlyCount "104"]
[EventDate "2013.01.19"]
[EventType "team-tourn"]
[EventRounds "11"]
[EventCountry "ESP"]
[SourceTitle "EXT 2014"]
[Source "ChessBase"]
[SourceDate "2013.11.20"]
[SourceVersion "1"]
[SourceVersionDate "2013.11.20"]
[SourceQuality "1"]
[WhiteTeam "Barcelona Escola Escacs"]
[BlackTeam "Sitges"]
[WhiteTeamCountry "ESP"]
[BlackTeamCountry "ESP"]

1. e4 e6 2. d4 d5 3. Nc3 Bb4 4. exd5 exd5 5. Qf3 Nc6 6. Bb5 Nge7 7. Nge2 Bf5 8. Bd3 Qd7 9. Bf4 0-0-0 10. 0-0 Ng6 11. Nb5 Bxd3 12. Qxd3 Nxf4 13. Nxf4 Qg4 14. Ne2 Rhe8 15. f3 Qg6 16. Nf4 Qg5 17. g3 h5 18. a3 Be7 19. Nc3 h4 20. Kg2 hxg3 21. hxg3 Bd6 22. Nce2 Ne7 23. Nh3 Qf6 24. g4 Ng6 25. Ng3 Nh4+ 26. Kf2 c5 27. Nh5 Qh6 28. dxc5 Bxc5+ 29. Kg3 g5 30. Rae1 Qd6+ 31. f4 f6 32. b4 Bb6 33. Qc3+ Kb8 34. Qxf6 Qc7 35. Nxg5 Rxe1 36. Rxe1 Qxc2 37. Qe5+ Bc7 38. Qe2 Qxe2 39. Rxe2 Ng6 40. Ne6 Rh8 41. Rc2 Bd6 42. Nhg7 d4 43. Nf5 d3 44. Rd2 Re8 45. Nxd6 Rxe6 46. Rxd3 Nf8 47. f5 Re1 48. Nb5 Re8 49. g5 a6 50. Nc3 Kc7 51. Nd5+ Kc6 52. g6 Re5 1-0

[Event "Catalunya-chT Honor"]
[Site "Catalunya"]
[Date "2013.01.26"]
[Round "2.6"]
[White "Borras Duran, Pere"]
[Black "Maroto Borras, Josep Lluis"]
[Result "1-0"]
[WhiteElo "2186"]
[BlackElo "2132"]
[PlyCount "76"]
[EventDate "2013.01.19"]
[EventType "team-tourn"]
[EventRounds "11"]
[EventCountry "ESP"]
[SourceTitle "CBM 152 Extra"]
[Source "ChessBase"]
[SourceDate "2013.02.25"]
[SourceVersion "1"]
[SourceVersionDate "2013.02.25"]
[SourceQuality "1"]
[WhiteTeam "Badalona Sant Josep"]
[BlackTeam "Sitges"]
[WhiteTeamCountry "ESP"]
[BlackTeamCountry "ESP"]

1. d4 e6 2. Nf3 Nf6 3. Bf4 Be7 4. e3 Nh5 5. Bg3 Nc6 6. c3 d6 7. Nbd2 Bd7 8. b4 a6 9. a4 f5 10. Bc4 Bf6 11. Nb3 0-0 12. Ng5 Qe8 13. Nh3 g5 14. f4 h6 15. Ra2 Qg6 16. Be2 Ng7 17. fxg5 hxg5 18. 0-0 Ne7 19. c4 Rad8 20. b5 axb5 21. axb5 e5 22. Be1 g4 23. Nf2 Nh5 24. g3 Kg7 25. e4 Nxg3 26. hxg3 Rh8 27. Nh1 Qh6 28. Bf3 gxf3 29. Qxf3 exd4 30. Raf2 Rdg8 31. Bd2 Qh3 32. Qg2 Qxg2+ 33. Kxg2 Be5 34. Bf4 Ng6 35. Bxe5+ Nxe5 36. exf5 d3 37. Rf4 Kf6 38. Nf2 Rg4 1-0

[Event "Catalunya-chT DH"]
[Site "Spain"]
[Date "2004.??.??"]
[Round "4"]
[White "Maroto Borras, Josep Lluis"]
[Black "Monell Camarasa, David"]
[Result "1-0"]
[WhiteElo "2210"]
[BlackElo "2226"]
[PlyCount "117"]
[EventDate "2004.??.??"]
[EventType "team"]
[EventRounds "9"]
[EventCountry "ESP"]
[SourceTitle "EXT 2007"]
[Source "ChessBase"]
[SourceDate "2006.11.23"]
[SourceVersion "1"]
[SourceVersionDate "2006.11.23"]
[SourceQuality "1"]

1. d4 d5 2. g3 Nf6 3. Bg2 c5 4. Nf3 cxd4 5. 0-0 Qb6 6. Qxd4 Qxd4 7. Nxd4 e5 8. Nb5 Na6 9. Bg5 Ne4 10. Bxe4 dxe4 11. N1c3 Bd7 12. a4 Bc6 13. Be3 b6 14. a5 Bb4 15. axb6 Bxc3 16. Nxa7 Bxb2 17. Nxc6 Bxa1 18. Rxa1 Kd7 19. Nxe5+ Ke6 20. b7 Kxe5 21. bxa8Q Rxa8 22. Ra5+ Kd6 23. g4 Nc7 24. Bf4+ Ke7 25. Bxc7 Rc8 26. Bf4 Rxc2 27. e3 Rc4 28. Kg2 h6 29. h4 Ke6 30. Re5+ Kf6 31. Rf5+ Ke6 32. Rb5 f6 33. Rb6+ Kf7 34. Rb7+ Kg6 35. Rd7 Rc8 36. Re7 Rc4 37. Bd6 f5 38. gxf5+ Kf6 39. Rc7 Ra4 40. Rc5 Ra6 41. Rd5 Rc6 42. Bc5 Kf7 43. Bd4 Rc7 44. Re5 Rb7 45. Rxe4 Rb5 46. Re5 Rb1 47. Ra5 Kf8 48. Ra8+ Kf7 49. Ra7+ Kg8 50. Rxg7+ Kf8 51. Rg6 Rb5 52. Rxh6 Kf7 53. Rg6 Ke7 54. Rg5 Kf8 55. h5 Rb7 56. h6 Rh7 57. Rg6 Rf7 58. Rf6 Kg8 59. Rxf7 1-0

[Event "Catalunya-chT DH"]
[Site "Spain"]
[Date "2004.??.??"]
[Round "2"]
[White "Torrecillas Martinez, Antonio"]
[Black "Maroto Borras, Josep Lluis"]
[Result "1-0"]
[WhiteElo "2394"]
[BlackElo "2210"]
[PlyCount "59"]
[EventDate "2004.??.??"]
[EventType "team"]
[EventRounds "9"]
[EventCountry "ESP"]
[SourceTitle "EXT 2007"]
[Source "ChessBase"]
[SourceDate "2006.11.23"]
[SourceVersion "1"]
[SourceVersionDate "2006.11.23"]
[SourceQuality "1"]

1. d4 e6 2. Nf3 Nf6 3. g3 b6 4. Bg2 Bb7 5. 0-0 Be7 6. c4 0-0 7. Nc3 d5 8. Ne5 Na6 9. cxd5 exd5 10. Qa4 Qe8 11. Qb3 c6 12. e4 dxe4 13. Nxe4 Nxe4 14. Bxe4 Bf6 15. Qc3 Nc5 16. Bg2 Ne6 17. Be3 Rc8 18. Rfd1 Qe7 19. Ng4 Rfd8 20. Nxf6+ Qxf6 21. Qa3 a6 22. d5 cxd5 23. Bxb6 Rd7 24. Rac1 Rxc1 25. Rxc1 h6 26. Be3 d4 27. Bd2 Bxg2 28. Kxg2 Ng5 29. Qd3 Rd8 30. h4 1-0

[Event "Sitges op 26th"]
[Site "Sitges"]
[Date "2000.07.23"]
[Round "3"]
[White "Maroto Borras, Josep Lluis"]
[Black "Koehn, Peter"]
[Result "1/2-1/2"]
[WhiteElo "2223"]
[BlackElo "2325"]
[PlyCount "95"]
[EventDate "2000.07.??"]
[EventType "swiss"]
[EventRounds "7"]
[EventCountry "ESP"]
[SourceTitle "EXT 2001"]
[Source "ChessBase"]
[SourceDate "2000.11.22"]
[SourceVersion "1"]
[SourceVersionDate "2000.11.22"]
[SourceQuality "1"]

1. d4 d5 2. g3 c6 3. Bg2 Nf6 4. c4 dxc4 5. Nf3 Bg4 6. Na3 e6 7. Nxc4 Bb4+ 8. Bd2 Qe7 9. 0-0 Bxd2 10. Qxd2 Bxf3 11. Bxf3 0-0 12. e4 Rd8 13. e5 Ne8 14. Rfe1 Na6 15. a3 c5 16. Re4 f5 17. exf6 Nxf6 18. Rh4 cxd4 19. Rxd4 e5 20. Nxe5 Nc5 21. Qc3 Ne6 22. Rxd8+ Rxd8 23. Qb3 Kf8 24. Qxb7 Qxb7 25. Bxb7 Rb8 26. Bf3 Rxb2 27. Rd1 Rb5 28. Nc4 Rc5 29. Ne3 a5 30. a4 g6 31. h4 Ke7 32. Kg2 Rc3 33. Rb1 Kd6 34. Rb6+ Ke5 35. Rb5+ Rc5 36. Nc4+ Kd4 37. Nxa5 Rxb5 38. axb5 Kc5 39. Bc6 Nd4 40. Nb7+ Kb6 41. Nd8 Kc7 42. Nf7 Nxc6 43. bxc6 Kxc6 44. Kf3 Kd5 45. Kf4 Ke6 46. Ng5+ Kd5 47. Nh3 Ke6 48. Ng5+ 1/2-1/2

[Event "Catalunya-chT"]
[Site "Spain"]
[Date "1998.??.??"]
[Round "7"]
[White "Campos Moreno, Javier B"]
[Black "Maroto Borras, Josep Lluis"]
[Result "1-0"]
[WhiteElo "2525"]
[BlackElo "2310"]
[PlyCount "48"]
[EventDate "1998.01.??"]
[EventType "team"]
[EventRounds "9"]
[EventCountry "ESP"]
[SourceTitle "EXT 2003"]
[Source "ChessBase"]
[SourceDate "2002.11.25"]
[SourceVersion "1"]
[SourceVersionDate "2002.11.25"]
[SourceQuality "1"]

1. d4 e6 2. c4 b6 3. a3 d5 4. Nc3 Nf6 5. Bg5 Be7 6. e3 0-0 7. Rc1 Nbd7 8. cxd5 exd5 9. Bd3 Bb7 10. Nf3 c5 11. 0-0 Ne4 12. Bf4 Ndf6 13. Ne5 Nxc3 14. Rxc3 cxd4 15. exd4 Ne4 16. Rc1 Bg5 17. Bxg5 Qxg5 18. Rc7 Bc8 19. Qc1 Qf6 20. Qc3 Qh6 21. Nc6 Be6 22. Bxe4 dxe4 23. d5 Bg4 24. Re1 f5 1-0

[Event "Catalunya-chT"]
[Site "Spain"]
[Date "1998.??.??"]
[Round "3"]
[White "Maroto Borras, Josep Lluis"]
[Black "Garcia Ilundain, David"]
[Result "0-1"]
[WhiteElo "2320"]
[BlackElo "2495"]
[PlyCount "50"]
[EventDate "1998.01.??"]
[EventType "team"]
[EventRounds "9"]
[EventCountry "ESP"]
[SourceTitle "EXT 2003"]
[Source "ChessBase"]
[SourceDate "2002.11.25"]
[SourceVersion "1"]
[SourceVersionDate "2002.11.25"]
[SourceQuality "1"]

1. d4 Nf6 2. g3 c5 3. d5 b5 4. Bg2 d6 5. a4 b4 6. c4 bxc3 7. Nxc3 g6 8. Nf3 Bg7 9. 0-0 0-0 10. e4 Nbd7 11. Re1 Ng4 12. h3 Nge5 13. Nxe5 Nxe5 14. f4 Nc4 15. Qc2 Rb8 16. Nb5 a6 17. Qxc4 axb5 18. axb5 Qb6 19. e5 Qxb5 20. Qxb5 Rxb5 21. Ra7 Bb7 22. exd6 exd6 23. Re7 Rb8 24. Rd7 c4 25. Rxd6 Bd4+ 0-1

[Event "Sitges op"]
[Site "Sitges"]
[Date "1998.??.??"]
[Round "?"]
[White "Maroto Borras, Josep Lluis"]
[Black "Kuijf, Marinus"]
[Result "0-1"]
[WhiteElo "2320"]
[BlackElo "2460"]
[PlyCount "76"]
[EventDate "1998.??.??"]
[EventType "swiss"]
[EventRounds "9"]
[EventCountry "ESP"]
[SourceTitle "EXT 2003"]
[Source "ChessBase"]
[SourceDate "2002.11.25"]
[SourceVersion "1"]
[SourceVersionDate "2002.11.25"]
[SourceQuality "1"]

1. d4 d5 2. g3 Nf6 3. Bg2 Bf5 4. Nf3 e6 5. 0-0 Nbd7 6. c4 c6 7. Nc3 dxc4 8. Nh4 Bg4 9. h3 Bh5 10. g4 Nd5 11. Nf5 exf5 12. gxh5 N7f6 13. Qa4 Nb6 14. Qc2 Qd7 15. e4 fxe4 16. Nxe4 Nxe4 17. Bxe4 Qxh3 18. Re1 Be7 19. b3 Kf8 20. bxc4 Qxh5 21. Rb1 Qg4+ 22. Bg2 Qd7 23. Bf4 Bf6 24. c5 Nd5 25. Bxd5 cxd5 26. Bd6+ Kg8 27. Qe2 h5 28. Qf3 Rh6 29. Qxd5 Rg6+ 30. Kf1 Qh3+ 31. Ke2 Re8+ 32. Kd2 Rxe1 33. Rxe1 Qd7 34. Qe4 Bg5+ 35. f4 Re6 36. Qf3 Bf6 37. Be5 Bxe5 38. fxe5 Qxd4+ 0-1

[Event "Catalunya-chT"]
[Site "Spain"]
[Date "1998.??.??"]
[Round "4"]
[White "Maroto Borras, Josep Lluis"]
[Black "Magem Badals, Jordi"]
[Result "0-1"]
[WhiteElo "2320"]
[BlackElo "2570"]
[PlyCount "70"]
[EventDate "1998.01.??"]
[EventType "team"]
[EventRounds "9"]
[EventCountry "ESP"]
[SourceTitle "EXT 2003"]
[Source "ChessBase"]
[SourceDate "2002.11.25"]
[SourceVersion "1"]
[SourceVersionDate "2002.11.25"]
[SourceQuality "1"]

1. d4 Nf6 2. g3 c5 3. d5 b5 4. Bg2 d6 5. a4 b4 6. c4 bxc3 7. Nxc3 g6 8. Nf3 Bg7 9. 0-0 0-0 10. e4 Nbd7 11. Qc2 Ba6 12. Re1 Ng4 13. Nb5 Qb6 14. Bf1 c4 15. Kg2 Rfc8 16. h3 Bxb5 17. axb5 Nge5 18. Nxe5 Nxe5 19. Qa4 Rcb8 20. Bxc4 Nxc4 21. Qxc4 Qxb5 22. Qxb5 Rxb5 23. Re2 Rc8 24. Bg5 Rc7 25. Rc1 Rxc1 26. Bxc1 a5 27. Rc2 f5 28. f3 Kf7 29. g4 fxe4 30. fxe4 Bd4 31. g5 Rb3 32. Bd2 a4 33. Bc1 Be5 34. Rf2+ Ke8 35. Rf3 Rb4 0-1

[Event "La Pobla de Lillet op"]
[Site "La Pobla de Lillet"]
[Date "1998.??.??"]
[Round "8"]
[White "Moreno de la Fuente, Jose Antonio"]
[Black "Maroto Borras, Josep Lluis"]
[Result "1/2-1/2"]
[WhiteElo "2130"]
[BlackElo "2295"]
[PlyCount "61"]
[EventDate "1998.??.??"]
[EventType "swiss"]
[EventRounds "9"]
[EventCountry "ESP"]
[SourceTitle "EXT 2004"]
[Source "ChessBase"]
[SourceDate "2003.11.25"]
[SourceVersion "1"]
[SourceVersionDate "2003.11.25"]
[SourceQuality "1"]

1. e4 c5 2. Nf3 e6 3. d3 d5 4. Nbd2 Nf6 5. g3 b6 6. Bg2 Bb7 7. e5 Nfd7 8. 0-0 Nc6 9. Re1 Qc7 10. Qe2 0-0-0 11. c3 g5 12. Nxg5 Ndxe5 13. Ndf3 Bd6 14. Nxe5 Bxe5 15. Nf3 Bd6 16. a3 h5 17. b4 Rdg8 18. bxc5 bxc5 19. d4 c4 20. Ne5 h4 21. Rb1 hxg3 22. hxg3 Nd8 23. Qf3 Bxe5 24. Rxe5 f6 25. Rh5 Qf7 26. Rxh8 Rxh8 27. Qf4 Qg6 28. Rb5 Qc2 29. Be3 Qd1+ 30. Bf1 Qh5 31. Bg2 1/2-1/2

[Event "Catalunya-chT"]
[Site "Spain"]
[Date "1998.??.??"]
[Round "5"]
[White "Rosich Valles, Alfredo"]
[Black "Maroto Borras, Josep Lluis"]
[Result "1/2-1/2"]
[WhiteElo "2400"]
[BlackElo "2320"]
[PlyCount "59"]
[EventDate "1998.01.??"]
[EventType "team"]
[EventRounds "9"]
[EventCountry "ESP"]
[SourceTitle "EXT 2003"]
[Source "ChessBase"]
[SourceDate "2002.11.25"]
[SourceVersion "1"]
[SourceVersionDate "2002.11.25"]
[SourceQuality "1"]

1. e4 e6 2. d4 d5 3. Nc3 Bb4 4. e5 c5 5. Bd2 Ne7 6. Nb5 Bxd2+ 7. Qxd2 0-0 8. dxc5 Nbc6 9. Nf3 Ng6 10. Qc3 b6 11. Bd3 bxc5 12. Bxg6 hxg6 13. Qxc5 Qa5+ 14. c3 Ba6 15. a4 Rfc8 16. b4 Qd8 17. Qe3 Rab8 18. h4 Bxb5 19. axb5 Rxb5 20. h5 d4 21. Qd3 Rd5 22. hxg6 dxc3 23. gxf7+ Kxf7 24. Qh7 Nxe5 25. Rxa7+ Nd7 26. Rh6 Qe7 27. Qg6+ Kg8 28. Qh7+ Kf7 29. Qg6+ Kg8 30. Qh7+ 1/2-1/2

[Event "Sitges op"]
[Site "Sitges"]
[Date "1997.??.??"]
[Round "6"]
[White "Kaeding, Rainer"]
[Black "Maroto Borras, Josep Lluis"]
[Result "1/2-1/2"]
[WhiteElo "2225"]
[BlackElo "2320"]
[PlyCount "31"]
[EventDate "1997.??.??"]
[EventType "swiss"]
[EventRounds "9"]
[EventCountry "ESP"]
[SourceTitle "EXT 1999"]
[Source "ChessBase"]
[SourceDate "1998.11.16"]
[SourceVersion "1"]
[SourceVersionDate "1998.11.16"]
[SourceQuality "1"]

1. d4 e6 2. c4 b6 3. Nf3 Bb7 4. a3 Nf6 5. Bg5 Be7 6. Nc3 0-0 7. e3 d5 8. Bxf6 Bxf6 9. cxd5 exd5 10. Rc1 c5 11. Be2 Nd7 12. 0-0 a6 13. dxc5 Nxc5 14. b4 Ne4 15. Nd4 Rc8 16. Qd3 1/2-1/2

[Event "Sitges op"]
[Site "Sitges"]
[Date "1997.??.??"]
[Round "5"]
[White "Maroto Borras, Josep Lluis"]
[Black "Marin, Irina Luiza"]
[Result "1-0"]
[WhiteElo "2320"]
[BlackElo "2261"]
[PlyCount "83"]
[EventDate "1997.??.??"]
[EventType "swiss"]
[EventRounds "9"]
[EventCountry "ESP"]
[SourceTitle "EXT 1999"]
[Source "ChessBase"]
[SourceDate "1998.11.16"]
[SourceVersion "1"]
[SourceVersionDate "1998.11.16"]
[SourceQuality "1"]

1. d4 d5 2. g3 c6 3. Bg2 Nf6 4. c4 dxc4 5. Nf3 Nbd7 6. a4 a5 7. 0-0 g6 8. Na3 Nb6 9. Ne5 Be6 10. e4 Bg7 11. Be3 0-0 12. Rc1 Ra6 13. h3 Qc8 14. Kh2 Rd8 15. Nexc4 Nxc4 16. Nxc4 Ne8 17. d5 cxd5 18. exd5 Bf5 19. Qb3 Qa8 20. Bg5 Bf6 21. Bxf6 Rxf6 22. Qe3 e6 23. d6 Nxd6 24. Nxd6 Rxd6 25. Qe5 Qd8 26. Bxb7 Kg7 27. g4 h6 28. gxf5 exf5 29. Bf3 Rde6 30. Rfd1 Qb6 31. Qd4 Qb8+ 32. Kg1 Rd6 33. Qc3 Rb6 34. Kg2 Rxb2 35. Qxa5 Ra2 36. Rd2 Ra3 37. Rc3 Ra1 38. Rcd3 Qf4 39. Bd1 Re6 40. Qd5 Rc1 41. Qd4+ Qxd4 42. Rxd4 1-0